<?xml version="1.0" encoding="UTF-8"?><?xml-stylesheet type="text/xsl" href="static/style.xsl"?><OAI-PMH xmlns="http://www.openarchives.org/OAI/2.0/" xmlns:xsi="http://www.w3.org/2001/XMLSchema-instance" xsi:schemaLocation="http://www.openarchives.org/OAI/2.0/ http://www.openarchives.org/OAI/2.0/OAI-PMH.xsd"><responseDate>2026-04-17T03:08:23Z</responseDate><request verb="GetRecord" identifier="oai:www.recercat.cat:2117/431749" metadataPrefix="marc">https://recercat.cat/oai/request</request><GetRecord><record><header><identifier>oai:recercat.cat:2117/431749</identifier><datestamp>2025-07-22T20:12:19Z</datestamp><setSpec>com_2072_1033</setSpec><setSpec>col_2072_452951</setSpec></header><metadata><record xmlns="http://www.loc.gov/MARC21/slim" xmlns:dcterms="http://purl.org/dc/terms/" xmlns:xsi="http://www.w3.org/2001/XMLSchema-instance" xmlns:doc="http://www.lyncode.com/xoai" xsi:schemaLocation="http://www.loc.gov/MARC21/slim http://www.loc.gov/standards/marcxml/schema/MARC21slim.xsd">
   <leader>00925njm 22002777a 4500</leader>
   <datafield ind2=" " ind1=" " tag="042">
      <subfield code="a">dc</subfield>
   </datafield>
   <datafield ind2=" " ind1=" " tag="720">
      <subfield code="a">Sathy, Sri Sutharsan</subfield>
      <subfield code="e">author</subfield>
   </datafield>
   <datafield ind2=" " ind1=" " tag="260">
      <subfield code="c">2025-05-26</subfield>
   </datafield>
   <datafield ind2=" " ind1=" " tag="520">
      <subfield code="a">This thesis presents a comprehensive investigation into turbulent channel flow using advanced numerical methods and high-order discretization techniques. The study focuses on both smooth and ribbed channel flows, with an emphasis on understanding the effects of surface roughness on turbulence characteristics. A spectral element method with higher polynomial orders was employed to solve the governing equations, ensuring accurate resolution of turbulent structures through p-refinement. The solver’s robustness and convergence were validated using direct numerical simulations (DNS) for high Reynolds number flows, referencing classical works by [Kim et al., 1987] and [Hoyas and Jiménez, 2008] The results demonstrate that ribbed channel flow exhibits distinct turbulence characteristics compared to smooth channels, with modified bottom wall structure leading to higher energy dissipation rates and altered vorticity distributions. The numerical framework successfully captured the energy cascade across scales, validating its applicability for studying complex turbulent flows. This research contributes to the field by advancing high-order numerical tools for turbulence modeling and providing insights into how rough surfaces influence turbulent dynamics. The findings underscore the potential of spectral element methods in accurately simulating and analyzing turbulent flows, offering a valuable framework for both academic research and industrial applications</subfield>
   </datafield>
   <datafield tag="653" ind2=" " ind1=" ">
      <subfield code="a">Àrees temàtiques de la UPC::Matemàtiques i estadística::Anàlisi numèrica</subfield>
   </datafield>
   <datafield tag="653" ind2=" " ind1=" ">
      <subfield code="a">Computational fluid dynamics</subfield>
   </datafield>
   <datafield tag="653" ind2=" " ind1=" ">
      <subfield code="a">Numerical analysis</subfield>
   </datafield>
   <datafield tag="653" ind2=" " ind1=" ">
      <subfield code="a">Dinàmica de fluids computacional</subfield>
   </datafield>
   <datafield tag="653" ind2=" " ind1=" ">
      <subfield code="a">Anàlisi numèrica</subfield>
   </datafield>
   <datafield ind2="0" ind1="0" tag="245">
      <subfield code="a">Numerical studies of turbulent flow using high-order scale resolving simulations</subfield>
   </datafield>
</record></metadata></record></GetRecord></OAI-PMH>